[Event "OLSW 1819 SK Gau-Algesheim - Gambit Saa"]
[Site "?"]
[Date "2018.11.11"]
[Round "2.3"]
[White "Gross, Georg"]
[Black "Kling, Felix"]
[Result "1-0"]
[WhiteElo "2241"]
[BlackElo "2169"]
[PlyCount "127"]
[EventDate "2018.??.??"]

1. d4 d5 2. Nf3 Nf6 3. c4 c6 4. Nc3 dxc4 5. g3 g6 6. Bg2 Bg7 7. O-O O-O 8. Ne5
Ng4 9. Nf3 e5 10. Bg5 Qa5 11. h3 exd4 12. Ne4 Ne5 13. Nxd4 Nbd7 14. f4 Nd3 15.
exd3 Bxd4+ 16. Kh2 cxd3 17. Qxd3 Bxb2 18. Rab1 Bg7 19. Nd6 Nf6 20. f5 Bxf5 21.
Nxf5 gxf5 22. Bxf6 Bxf6 23. Rxf5 Qc3 24. Qf1 Bg7 25. Rxb7 f6 26. Qb1 Rad8 27.
Rh5 Qd3 28. Qc1 Rf7 29. Rxf7 Kxf7 30. Qxc6 Qd7 31. Qc4+ Kf8 32. Rxh7 Qe7 33.
Rh5 Rd2 34. Rc5 Bh6 35. Rc8+ Rd8 36. Rc6 Rd6 37. h4 Rxc6 38. Qxc6 Be3 39. Bd5
Bb6 40. Qc8+ Bd8 41. Qg4 Qe5 42. Be6 Ke7 43. Bc8 Bb6 44. Qg7+ Kd6 45. Qd7+ Kc5
46. Qd2 Kc6 47. a4 Qd4 48. Qg2+ Kd6 49. h5 Qe3 50. Bb7 Ke7 51. Kh3 Qe5 52. Bf3
Be3 53. Qc2 Kd6 54. Qd3+ Ke7 55. h6 f5 56. h7 Bd4 57. Qa6 Qf6 58. Qb7+ Kd6 59.
Kg2 Qe5 60. Qf7 Qf6 61. Qe8 Qe5 62. Qd8+ Ke6 63. Kh3 Qf6 64. Bd5+ 1-0

[Event "OLSW 1819 SK Gau-Algesheim - Gambit Saa"]
[Site "?"]
[Date "2018.11.11"]
[Round "2.4"]
[White "Frede, Lennart"]
[Black "Forthoffer, Patrick"]
[Result "1/2-1/2"]
[WhiteElo "2161"]
[BlackElo "2203"]
[PlyCount "48"]
[EventDate "2018.??.??"]

1. e4 Nc6 2. Nc3 e5 3. Bc4 Be7 4. d3 Na5 5. Nf3 Nxc4 6. dxc4 d6 7. O-O Nf6 8.
c5 Bg4 9. h3 Bh5 10. Qe2 O-O 11. Bg5 Nxe4 12. Nxe4 Bxf3 13. Qxf3 Bxg5 14. Rad1
Be7 15. Rd2 b6 16. cxd6 cxd6 17. Rfd1 Qc7 18. Nc3 Rad8 19. Nd5 Qd7 20. Qf5 Rfe8
21. Qxd7 Rxd7 22. Nxe7+ Rexe7 23. Rxd6 Rxd6 24. Rxd6 f5 1/2-1/2

[Event "OLSW 1819 SK Gau-Algesheim - Gambit Saa"]
[Site "?"]
[Date "2018.11.11"]
[Round "2.5"]
[White "Vogel, Christian"]
[Black "Brueckner, Eike"]
[Result "1-0"]
[WhiteElo "2198"]
[BlackElo "2090"]
[PlyCount "53"]
[EventDate "2018.??.??"]

1. Nf3 d5 2. g3 g6 3. Bg2 Bg7 4. O-O e5 5. d3 Ne7 6. e4 dxe4 7. dxe4 O-O 8. Qe2
c6 9. a4 a5 10. Na3 Nd7 11. Bh3 Nc5 12. Bxc8 Nxc8 13. Nc4 Qc7 14. Rd1 Re8 15.
h4 h6 16. Nh2 Kh7 17. h5 Ne6 18. c3 Nb6 19. Nxb6 Qxb6 20. Be3 Qc7 21. Ng4 gxh5
22. Nxh6 Bxh6 23. Qxh5 Nf4 24. Qf5+ Ng6 25. Rd7 Qc8 26. Qxf7+ Kh8 27. Qh7# 1-0

[Event "OLSW 1819 SK Gau-Algesheim - Gambit Saa"]
[Site "?"]
[Date "2018.11.11"]
[Round "2.7"]
[White "Pryvalov, Ivan"]
[Black "Erlekam, Simon"]
[Result "1/2-1/2"]
[WhiteElo "2056"]
[BlackElo "1890"]
[PlyCount "80"]
[EventDate "2018.??.??"]

1. d4 Nf6 2. Bf4 g6 3. e3 Bg7 4. Nf3 d6 5. h3 O-O 6. Bc4 c5 7. c3 Nbd7 8. O-O
a6 9. a4 b6 10. Nbd2 Bb7 11. Re1 Ne4 12. Nxe4 Bxe4 13. d5 Bxf3 14. Qxf3 Ne5 15.
Qe2 Nxc4 16. Qxc4 Qd7 17. e4 b5 18. axb5 axb5 19. Qd3 Qb7 20. Rxa8 Rxa8 21. e5
dxe5 22. Bxe5 Bxe5 23. Rxe5 Ra1+ 24. Kh2 Qc7 25. f4 f6 26. Re4 c4 27. Qe3 Kf7
28. Re6 Rd1 29. Qe4 Qd7 30. h4 h5 31. g4 Rxd5 32. Rxe7+ Qxe7 33. Qxd5+ Kg7 34.
gxh5 Qe2+ 35. Qg2 Qxh5 36. Qf2 Qg4 37. Qg3 Qxg3+ 38. Kxg3 f5 39. Kf3 Kf6 40.
Kg3 Kf7 1/2-1/2

[Event "OLSW 1819 SV Worms 1878 - SVG Saarbrück"]
[Site "?"]
[Date "2018.11.11"]
[Round "2.1"]
[White "Bastian, Herbert"]
[Black "Nasshan, Dennis"]
[Result "0-1"]
[WhiteElo "2307"]
[BlackElo "2295"]
[PlyCount "120"]
[EventDate "2018.??.??"]

1. e4 c5 2. Nc3 Nc6 3. g3 g6 4. Bg2 Bg7 5. d3 d6 6. Bg5 h6 7. Bd2 e5 8. Nge2
Nge7 9. Qc1 Nd4 10. Nxd4 cxd4 11. Ne2 Be6 12. O-O Qd7 13. c4 h5 14. h4 Bh3 15.
b4 O-O-O 16. b5 Kb8 17. a4 Ng8 18. Qa3 Bxg2 19. Kxg2 Bf8 20. Rac1 Rc8 21. Bb4
Nf6 22. f3 Qe6 23. Rc2 Nd7 24. Nc1 f5 25. Nb3 Nc5 26. Nxc5 dxc5 27. Bd2 Be7 28.
Qc1 Rcf8 29. Qe1 f4 30. gxf4 exf4 31. Rh1 g5 32. hxg5 Bxg5 33. Kf1 h4 34. Qc1
h3 35. Be1 Bh4 36. Bxh4 Rxh4 37. Qe1 Rh5 38. Rch2 Rg8 39. Qd2 Rh4 40. Qe1 Rg3
41. Ke2 Qe5 42. Kd2 Rh8 43. Qf1 Qh5 44. Rf2 Kc8 45. Qe2 Qe5 46. Kc2 Rhg8 47.
Kb3 Kd7 48. Qd2 b6 49. a5 Ke6 50. Qa2 Qc7 51. e5 Qh7 52. Qd2 Rg2 53. Rh2 Rxf2
54. Rxf2 Qf5 55. Kc2 Rg3 56. Qe1 Rg2 57. axb6 axb6 58. Qf1 Qg5 59. Kd2 Qg3 60.
Re2 Qh2 0-1

[Event "OLSW 1819 SV Worms 1878 - SVG Saarbrück"]
[Site "?"]
[Date "2018.11.11"]
[Round "2.2"]
[White "Heider, Martin"]
[Black "Mohammad, Samir"]
[Result "0-1"]
[WhiteElo "2408"]
[BlackElo "2307"]
[PlyCount "144"]
[EventDate "2018.??.??"]

1. Nf3 c5 2. b3 Nc6 3. Bb2 Nf6 4. c4 d5 5. cxd5 Nxd5 6. g3 f6 7. Bg2 e5 8. O-O
Be7 9. d3 O-O 10. Nbd2 Be6 11. Rc1 Qd7 12. a3 Rac8 13. Nc4 Rfd8 14. Nfd2 Bh3
15. Ne3 Bxg2 16. Nxg2 Qe6 17. Kh1 f5 18. f4 exf4 19. gxf4 b6 20. e4 Nf6 21. Qf3
Nd4 22. Qh3 fxe4 23. f5 Qd7 24. dxe4 Nxf5 25. Nc4 Nd4 26. Qe3 Ng4 27. Qd3 Bg5
28. Rce1 b5 29. Nce3 Ne5 30. Qd1 Qh3 31. Bxd4 Rxd4 32. Qe2 Rxe4 33. Qxb5 Bxe3
34. Qb7 Bg1 35. Kxg1 Rxe1 36. Qd5+ Kh8 37. Nxe1 Qe3+ 38. Kh1 h6 39. Qe6 Rd8 40.
Qe7 Rd1 41. Qf8+ Kh7 42. Qf5+ Ng6 43. Rg1 Qe8 44. Ng2 Qe5 45. Qc2 Rxg1+ 46.
Kxg1 Qd4+ 47. Kf1 Qd6 48. Kg1 Kh8 49. Qf5 Qd1+ 50. Qf1 Qxb3 51. Qa6 Qb6 52. Qa4
c4+ 53. Kf1 Qf6+ 54. Ke1 Qe5+ 55. Kf1 c3 56. Qc4 Qf5+ 57. Ke2 Qc2+ 58. Kf1 Qc1+
59. Ke2 Qxa3 60. Ne3 Qb2+ 61. Kf1 Qd2 62. Nd5 c2 63. Qc8+ Kh7 64. Nf6+ gxf6 65.
Qc7+ Kg8 66. Qc4+ Kf8 67. Qc8+ Ke7 68. Qc7+ Ke6 69. Qc6+ Kf5 70. Qc8+ Kg5 71.
h4+ Kxh4 72. Qc4+ Nf4 0-1

[Event "OLSW 1819 SV Worms 1878 - SVG Saarbrück"]
[Site "?"]
[Date "2018.11.11"]
[Round "2.5"]
[White "Busche, Stefan"]
[Black "Steinkohl, Thomas"]
[Result "0-1"]
[WhiteElo "2064"]
[BlackElo "2214"]
[PlyCount "100"]
[EventDate "2018.??.??"]

1. e4 c6 2. d4 d5 3. exd5 cxd5 4. c4 Nf6 5. Nc3 Nc6 6. Bg5 dxc4 7. d5 Ne5 8.
Qd4 h6 9. Bh4 Ng6 10. Bg3 e5 11. Qxc4 Bf5 12. Nf3 Bd6 13. Be2 O-O 14. O-O Nh5
15. Rfe1 a6 16. Bf1 b5 17. Qb3 b4 18. Nd1 Nhf4 19. Ne3 Bc8 20. Rac1 Bb7 21.
Bxf4 Nxf4 22. g3 Ng6 23. Nf5 Qf6 24. Nxd6 Qxd6 25. Red1 Rfd8 26. Bc4 Rac8 27.
Qe3 Rc5 28. h4 f6 29. b3 Ne7 30. Nd2 Nf5 31. Qe4 Nd4 32. Qg6 f5 33. Qh5 Bxd5
34. Nf1 Kh7 35. Rxd4 exd4 36. Qxf5+ g6 37. Qd3 Bxc4 38. Rxc4 Rxc4 39. bxc4 a5
40. h5 Qf6 41. Nd2 Kg7 42. hxg6 Qxg6 43. Ne4 a4 44. f3 Qb6 45. c5 Qe6 46. Qd2
b3 47. axb3 axb3 48. g4 Qe5 49. Qb4 Rb8 50. Qa4 b2 0-1

[Event "OLSW 1819 SV Worms 1878 - SVG Saarbrück"]
[Site "?"]
[Date "2018.11.11"]
[Round "2.6"]
[White "Helbig, Daniel"]
[Black "Pernutz, Hans-Gerhard"]
[Result "1-0"]
[WhiteElo "2205"]
[BlackElo "2057"]
[PlyCount "63"]
[EventDate "2018.??.??"]

1. e4 c5 2. Nc3 e6 3. g3 d5 4. exd5 exd5 5. Bg2 Nf6 6. d3 d4 7. Ne4 Nxe4 8.
dxe4 Be7 9. Ne2 O-O 10. O-O Nc6 11. Nf4 Bd6 12. a3 a5 13. Qh5 Ne5 14. h3 Ng6
15. Nd5 Ne7 16. e5 Nxd5 17. exd6 Nf6 18. Qxc5 Ra6 19. Bf4 Qb6 20. b4 Bd7 21.
Qxb6 Rxb6 22. bxa5 Rb5 23. Rfb1 Rxa5 24. Rxb7 Rc8 25. Rc7 Rc5 26. Rxc8+ Bxc8
27. Rd1 g5 28. Bc1 Rxc2 29. Bxg5 Nd7 30. Rxd4 Ne5 31. Bf6 Nd7 32. Rg4+ 1-0

[Event "OLSW 1819 SV Worms 1878 - SVG Saarbrück"]
[Site "?"]
[Date "2018.11.11"]
[Round "2.7"]
[White "Biehl, Tim"]
[Black "Schluchter, Steffen"]
[Result "1/2-1/2"]
[WhiteElo "1977"]
[BlackElo "2120"]
[PlyCount "55"]
[EventDate "2018.??.??"]

1. d4 Nf6 2. c4 c5 3. d5 e6 4. Nc3 exd5 5. cxd5 d6 6. Bf4 g6 7. h3 a6 8. a4 Bg7
9. Nf3 O-O 10. e3 Qc7 11. Nd2 Re8 12. Be2 Nbd7 13. O-O Ne5 14. Qb3 Rb8 15. Nc4
Nxc4 16. Qxc4 Bd7 17. a5 Bb5 18. Nxb5 axb5 19. Qxb5 Nxd5 20. Bg3 Be5 21. Bxe5
Rxe5 22. Rfc1 Qd8 23. Bf3 Nb4 24. Bxb7 Re7 25. a6 Nxa6 26. Rxa6 Rexb7 27. Qd3
Rb6 28. Rd1 1/2-1/2

[Event "OLSW 1819 SK Landau - SK Altenkirchen"]
[Site "?"]
[Date "2018.11.25"]
[Round "3.1"]
[White "Bruehl, Andreas"]
[Black "Silber, Henning"]
[Result "1-0"]
[WhiteElo "2330"]
[BlackElo "2322"]
[PlyCount "127"]
[EventDate "2018.??.??"]

1. d4 d5 2. c4 e6 3. g3 c5 4. cxd5 exd5 5. Nf3 Nc6 6. Bg2 Nf6 7. O-O Be6 8. Nc3
Be7 9. Bg5 cxd4 10. Nxd4 O-O 11. Nxe6 fxe6 12. Bh3 Qd6 13. Nb5 Qd7 14. Nd4 Nxd4
15. Qxd4 Ne4 16. Bxe7 Qxe7 17. Rac1 Qd6 18. Qe3 e5 19. Bg2 Nf6 20. Qb3 Rf7 21.
Rfd1 Rd8 22. e4 d4 23. Bh3 Kf8 24. f3 g6 25. Qe6 Qxe6 26. Bxe6 Re7 27. Bh3 Rd6
28. Rc8+ Kf7 29. Kf2 Rc6 30. Rxc6 bxc6 31. Rc1 Rb7 32. b3 Rb6 33. Rc5 Ra6 34.
a4 Rb6 35. Rxe5 Ne8 36. Be6+ Kf6 37. f4 Nd6 38. Kf3 Nf7 39. Bxf7 Kxf7 40. Rc5
Rxb3+ 41. Ke2 Re3+ 42. Kd2 Rxe4 43. Rxc6 h5 44. Rc7+ Kf6 45. Rxa7 Re3 46. Rd7
Ra3 47. Rxd4 Ra2+ 48. Kc3 Rxh2 49. a5 Rh3 50. Rd6+ Kf7 51. Rd3 h4 52. gxh4 Rxh4
53. Rd4 Rh3+ 54. Kb4 Kf6 55. a6 Kf5 56. a7 Rh8 57. Kb5 Ra8 58. Kb6 Re8 59. Ra4
Re6+ 60. Kc5 Re8 61. a8=Q Rxa8 62. Rxa8 Kxf4 63. Rf8+ Ke4 64. Rg8 1-0

[Event "OLSW 1819 SK Landau - SK Altenkirchen"]
[Site "?"]
[Date "2018.11.25"]
[Round "3.2"]
[White "Becking, Stephan"]
[Black "Weimann, Maximilian"]
[Result "1/2-1/2"]
[WhiteElo "2417"]
[BlackElo "2217"]
[PlyCount "98"]
[EventDate "2018.??.??"]

1. d4 d5 2. Nf3 Nf6 3. c3 g6 4. Bg5 Bg7 5. Nbd2 O-O 6. e3 Nbd7 7. Be2 h6 8. Bf4
c6 9. Ne5 Nxe5 10. Bxe5 Qb6 11. b3 c5 12. O-O cxd4 13. exd4 Ne4 14. Nxe4 Bxe5
15. dxe5 dxe4 16. Bc4 e3 17. Qd4 Be6 18. fxe3 Bxc4 19. bxc4 Qc6 20. Qh4 g5 21.
Qg4 Rac8 22. Rf5 Qxc4 23. e4 Qxc3 24. Raf1 Qe3+ 25. Kh1 Rc1 26. e6 Rxf1+ 27.
Rxf1 f6 28. h3 Kg7 29. Rd1 Qf4 30. Rd7 Qxg4 31. hxg4 Rb8 32. Rxe7+ Kg6 33. Rd7
Re8 34. Rd6 h5 35. Kh2 hxg4 36. Kg3 Kh5 37. Kf2 Kg6 38. g3 f5 39. e7+ Kf7 40.
exf5 Rxe7 41. Rg6 Re4 42. Rxg5 Kf6 43. Rg6+ Kxf5 44. Rg7 Ra4 45. Rf7+ Ke5 46.
Re7+ Kd5 47. Rd7+ Ke4 48. Re7+ Kd3 49. Rd7+ Ke4 1/2-1/2

[Event "OLSW 1819 SK Landau - SK Altenkirchen"]
[Site "?"]
[Date "2018.11.25"]
[Round "3.3"]
[White "Telke, Holger"]
[Black "Lang, Torsten"]
[Result "0-1"]
[WhiteElo "2090"]
[BlackElo "2317"]
[PlyCount "132"]
[EventDate "2018.??.??"]

1. d4 g6 2. g3 Bg7 3. Bg2 Nf6 4. Nf3 O-O 5. O-O d6 6. b3 a5 7. Bb2 a4 8. c4 c6
9. Nc3 a3 10. Bc1 Qa5 11. Rb1 Na6 12. Qd2 Nb4 13. Ne1 c5 14. d5 Bd7 15. e4 Ne8
16. Na4 b5 17. cxb5 Bxb5 18. Bxa3 Bxf1 19. Bxf1 Nc7 20. Bc1 Nxa2 21. Qxa2 Qxe1
22. Qc2 Qb4 23. Bg5 Rfe8 24. Bd2 Qb7 25. f4 Nb5 26. Qd3 Nd4 27. e5 Reb8 28. Nc3
Qa7 29. Qe3 Rxb3 30. Rxb3 Nxb3 31. Nb5 Qa2 32. Bc3 dxe5 33. fxe5 Qc2 34. Qd3
Qxd3 35. Bxd3 Rc8 36. Bc4 Nd4 37. Na7 Rc7 38. Nb5 Rb7 39. Bxd4 cxd4 40. e6 fxe6
41. dxe6 Rb6 42. Kf2 Rc6 43. Bb3 Rc5 44. Nd6 Rc3 45. Ba4 Ra3 46. Bb5 Ra2+ 47.
Kf3 Rxh2 48. Nc8 Kf8 49. Nb6 Rb2 50. Nd7+ Kg8 51. Bd3 Rd2 52. Nc5 Be5 53. Be4
Kg7 54. Bd5 h5 55. Ne4 Rd3+ 56. Kf2 Ra3 57. Bc4 g5 58. Nxg5 Bxg3+ 59. Kg2 Bf4
60. Ne4 d3 61. Nf2 d2 62. Be2 h4 63. Nd1 Kf6 64. Bc4 h3+ 65. Kh1 Ra4 66. Bf1
Re4 0-1

[Event "OLSW 1819 SK Landau - SK Altenkirchen"]
[Site "?"]
[Date "2018.11.25"]
[Round "3.4"]
[White "Bruch, Jochen"]
[Black "Kaster, Martin"]
[Result "1/2-1/2"]
[WhiteElo "2222"]
[BlackElo "2076"]
[PlyCount "81"]
[EventDate "2018.??.??"]

1. Nf3 f5 2. g3 Nf6 3. Bg2 d6 4. O-O e5 5. d3 Be7 6. c4 O-O 7. c5 Nc6 8. cxd6
cxd6 9. Nc3 Kh8 10. Rb1 d5 11. a3 e4 12. dxe4 dxe4 13. Qxd8 Bxd8 14. Ne1 Be6
15. Nc2 Nd5 16. Nb5 Bf6 17. Rd1 Rad8 18. Nbd4 Nde7 19. Be3 Bc4 20. Bf1 g6 21.
b3 Bf7 22. b4 Ne5 23. Bh6 Rfe8 24. Bd2 Rc8 25. Ne3 Red8 26. Be1 Bg5 27. Ng2 Nd5
28. e3 Nc3 29. Bxc3 Rxc3 30. Nb5 Nf3+ 31. Kh1 Rc2 32. Nd6 Ba2 33. Ra1 Bf6 34.
Rxa2 Rxd6 35. Rxd6 Rxa2 36. Nf4 Bg5 37. Kg2 Bxf4 38. gxf4 Rxa3 39. Rd8+ Kg7 40.
Rd7+ Kf6 41. Rxh7 1/2-1/2

[Event "OLSW 1819 SK Landau - SK Altenkirchen"]
[Site "?"]
[Date "2018.11.25"]
[Round "3.5"]
[White "Schmidt, Reiner"]
[Black "Bernhardt, Rolf"]
[Result "0-1"]
[WhiteElo "2161"]
[BlackElo "2229"]
[PlyCount "92"]
[EventDate "2018.??.??"]

1. e4 e5 2. f4 exf4 3. Nc3 Be7 4. Bc4 c6 5. Nf3 Nf6 6. e5 Ng4 7. d4 d5 8. Be2
Bh4+ 9. Kf1 Bf2 10. Bxf4 Be3 11. Bg3 Bh6 12. Bf2 f6 13. h3 Nxf2 14. Kxf2 O-O
15. Rf1 fxe5 16. dxe5 Qb6+ 17. Ke1 Qxb2 18. Na4 Qb4+ 19. c3 Qf4 20. Qd4 Qg3+
21. Qf2 Qg6 22. Nc5 Qc2 23. Qd4 Bf4 24. Kf2 Qg6 25. Rh1 b6 26. Nd3 Bg3+ 27. Kg1
Bb7 28. Qg4 c5 29. Rd1 Nc6 30. Qd7 Nd8 31. Nf2 Qc2 32. Rd2 Qxc3 33. Rd3 Qc1+
34. Bd1 Bc6 35. Qg4 Qf4 36. Qxf4 Rxf4 37. h4 Ne6 38. Nh3 Re4 39. Nf2 Rb4 40.
Ng5 Bxf2+ 41. Kxf2 Rb2+ 42. Kg3 Re8 43. Re1 Rxg2+ 44. Kf3 Rxa2 45. Kg3 c4 46.
Rc3 d4 0-1

[Event "OLSW 1819 SK Landau - SK Altenkirchen"]
[Site "?"]
[Date "2018.11.25"]
[Round "3.6"]
[White "Moeldner, Juergen"]
[Black "Hoffmann, Thomas"]
[Result "1-0"]
[WhiteElo "2216"]
[BlackElo "2037"]
[PlyCount "79"]
[EventDate "2018.??.??"]

1. e4 d6 2. d4 g6 3. Nf3 Bg7 4. Bc4 c6 5. Nc3 Nf6 6. Qe2 b5 7. Bb3 b4 8. e5
bxc3 9. exf6 Bxf6 10. bxc3 O-O 11. Bh6 Ba6 12. Qe3 Re8 13. Ng5 d5 14. f4 c5 15.
Kf2 Nc6 16. Rad1 cxd4 17. cxd4 e6 18. Nf3 Bh8 19. Rhe1 Rc8 20. Kg1 Qb6 21. c3
Na5 22. Bxd5 Red8 23. Rb1 Qc7 24. Bxe6 Re8 25. f5 fxe6 26. fxg6 hxg6 27. Qg5
Qf7 28. Qxa5 Bd3 29. Rbd1 Bc4 30. Re3 Bd5 31. Rf1 Qh7 32. Bf4 Rf8 33. Ng5 Qh5
34. Rh3 Qg4 35. Rg3 Qf5 36. h3 Bf6 37. Kh2 Bxg5 38. Rxg5 Qxg5 39. Bxg5 Rxf1 40.
Be3 {Zeitüberschreitung.} 1-0

[Event "OLSW 1819 SK Landau - SK Altenkirchen"]
[Site "?"]
[Date "2018.11.25"]
[Round "3.7"]
[White "Giesler, Stephan"]
[Black "Lang, Matthias"]
[Result "0-1"]
[WhiteElo "2068"]
[BlackElo "2148"]
[PlyCount "74"]
[EventDate "2018.??.??"]

1. Nf3 c5 2. c4 Nc6 3. Nc3 Nf6 4. e4 d6 5. Be2 g6 6. O-O Bg7 7. d4 cxd4 8. Nxd4
O-O 9. Be3 Bd7 10. Qd2 a6 11. Rfd1 Re8 12. Rac1 Qa5 13. Nb3 Qd8 14. f3 Be6 15.
Bf1 Nd7 16. Nd5 b6 17. Qf2 Rb8 18. Nf4 Qc8 19. Nxe6 fxe6 20. Qd2 Nc5 21. Nd4
Nxd4 22. Bxd4 Bxd4+ 23. Qxd4 e5 24. Qd5+ Kg7 25. g3 Rf8 26. Rc3 a5 27. b3 Rf6
28. Bg2 Na6 29. Rf1 Qc5+ 30. Rf2 Qd4 31. Rd3 Qxd5 32. Rxd5 Nc5 33. Bh3 Rbf8 34.
Kg2 Nxe4 35. Rf1 Ng5 36. Rb5 Nxf3 37. Kh1 Rb8 0-1

[Event "OLSW 1819 SVG Saarbrücken - SC Caissa S"]
[Site "?"]
[Date "2018.11.25"]
[Round "3.2"]
[White "Bastian, Herbert"]
[Black "Wild, Achim"]
[Result "1-0"]
[WhiteElo "2307"]
[BlackElo "2278"]
[PlyCount "119"]
[EventDate "2018.??.??"]

1. e4 e5 2. Nf3 d6 3. d4 exd4 4. Nxd4 Nf6 5. Nc3 Be7 6. Be2 O-O 7. O-O Re8 8.
Re1 Bf8 9. Bf1 Nbd7 10. f3 c6 11. Kh1 Ne5 12. Bg5 Ng6 13. Nb3 h6 14. Be3 b5 15.
a3 Bd7 16. Qd2 a5 17. Qf2 Rb8 18. Rad1 Qc7 19. Nd2 Ra8 20. a4 b4 21. Ncb1 Ne5
22. Nc4 Nxc4 23. Bxc4 d5 24. exd5 cxd5 25. Bb3 Bd6 26. g3 Be5 27. Bd4 Bc6 28.
Nd2 Re6 29. Kg1 Rae8 30. c3 Bxd4 31. cxd4 Qd7 32. Rxe6 Rxe6 33. Ra1 Qe8 34. Bd1
Re1+ 35. Kg2 Re7 36. b3 Re3 37. Rc1 Rd3 38. Nf1 Bd7 39. Bc2 Rc3 40. Re1 Qc8 41.
Ne3 Be6 42. Re2 Qa6 43. Nd1 Rc6 44. Qe1 Qc8 45. Ne3 Rc3 46. Qd2 Qa6 47. Nd1 Rc6
48. Ne3 Qc8 49. Qe1 Bh3+ 50. Kf2 Kf8 51. g4 h5 52. g5 Nd7 53. Kg1 Rc3 54. Qg3
Be6 55. Qd6+ Kg8 56. Nf5 Qf8 57. Ne7+ Kh8 58. Rxe6 Rxc2 59. Qxd7 Qb8 60. Re5
1-0

[Event "OLSW 1819 SVG Saarbrücken - SC Caissa S"]
[Site "?"]
[Date "2018.11.25"]
[Round "3.3"]
[White "Gress, Alexander"]
[Black "Mohammad, Samir"]
[Result "1/2-1/2"]
[WhiteElo "2213"]
[BlackElo "2307"]
[PlyCount "44"]
[EventDate "2018.??.??"]

1. e4 c5 2. Nf3 Nc6 3. d4 cxd4 4. Nxd4 e5 5. Nb5 d6 6. N1c3 a6 7. Na3 b5 8. Nd5
Nce7 9. c4 Nxd5 10. exd5 bxc4 11. Bxc4 Nf6 12. O-O Be7 13. Nc2 O-O 14. Re1 a5
15. b4 Nd7 16. bxa5 Qxa5 17. Bd2 Qc7 18. Bb5 Nc5 19. Nb4 Bd7 20. Nc6 Bf6 21. a4
e4 22. Ra3 Bxc6 1/2-1/2

[Event "OLSW 1819 SVG Saarbrücken - SC Caissa S"]
[Site "?"]
[Date "2018.11.25"]
[Round "3.6"]
[White "Busche, Stefan"]
[Black "Grewenig, Jan"]
[Result "1/2-1/2"]
[WhiteElo "2064"]
[BlackElo "2142"]
[PlyCount "72"]
[EventDate "2018.??.??"]

1. e4 c5 2. Nf3 d6 3. d4 cxd4 4. Nxd4 Nf6 5. Nc3 a6 6. Be2 e5 7. Nf3 Be7 8. Bg5
Be6 9. Bxf6 Bxf6 10. Nd5 Nd7 11. Bc4 O-O 12. O-O g6 13. Qe2 Bg7 14. Rfd1 b5 15.
Bb3 Nc5 16. c4 Bg4 17. h3 Bxf3 18. Qxf3 Ne6 19. cxb5 axb5 20. Nc3 Nd4 21. Qd3
Rb8 22. Ne2 Kh8 23. Bd5 f5 24. Nxd4 exd4 25. b3 Qh4 26. Rf1 Rbc8 27. exf5 Rxf5
28. Be6 Rc3 29. Bxf5 Rxd3 30. Bxd3 Be5 31. a4 Qf4 32. g3 Qf3 33. Rfd1 Bxg3 34.
fxg3 Qxg3+ 35. Kf1 Qf3+ 36. Kg1 Qg3+ 1/2-1/2

[Event "OLSW 1819 SVG Saarbrücken - SC Caissa S"]
[Site "?"]
[Date "2018.11.25"]
[Round "3.7"]
[White "Holle, Cedric"]
[Black "Pernutz, Hans-Gerhard"]
[Result "1-0"]
[WhiteElo "2081"]
[BlackElo "2057"]
[PlyCount "69"]
[EventDate "2018.??.??"]

1. e4 c5 2. Nf3 Nc6 3. d4 cxd4 4. Nxd4 Nf6 5. Nc3 d6 6. f3 e6 7. Be3 Bd7 8. Qd2
a6 9. g4 h6 10. O-O-O Qc7 11. h4 Ne5 12. Kb1 b5 13. a3 Rb8 14. Rg1 g6 15. g5
hxg5 16. hxg5 Nh5 17. f4 Nc4 18. Bxc4 bxc4 19. Ka2 Qa5 20. Nde2 Be7 21. Rh1 Rg8
22. Qd4 Qc7 23. f5 e5 24. Qd2 Qb7 25. Rb1 Bc6 26. f6 Bf8 27. Nd5 Kd7 28. Nec3
Ng3 29. Rh4 Nf1 30. Qe2 Nxe3 31. Qxe3 a5 32. Rh2 Ke8 33. Qh3 Bxd5 34. Nxd5 c3
35. Qxc3 1-0

[Event "OLSW 1819 SVG Saarbrücken - SC Caissa S"]
[Site "?"]
[Date "2018.11.25"]
[Round "3.8"]
[White "Biehl, Tim"]
[Black "Tabatt, Hendrik"]
[Result "0-1"]
[WhiteElo "1977"]
[BlackElo "2334"]
[PlyCount "46"]
[EventDate "2018.??.??"]

1. d4 c5 2. d5 Nf6 3. c4 d6 4. Nc3 g6 5. e4 Bg7 6. Be2 O-O 7. Be3 Na6 8. h3 Qa5
9. Qd2 Nc7 10. Nf3 b5 11. cxb5 a6 12. bxa6 Bxa6 13. O-O Nxe4 14. Nxe4 Qxd2 15.
Nfxd2 Bxe2 16. Rfe1 Bd3 17. Nc3 Rfb8 18. Bg5 Rxb2 19. Rxe7 Bxc3 20. Rxc7 Rxd2
21. Re1 Re2 22. Rc8+ Rxc8 23. Kf1 Rxe1# 0-1

[Event "OLSW 1819 Gambit Saarbrücken - SV Worms"]
[Site "?"]
[Date "2018.11.25"]
[Round "3.1"]
[White "Nasshan, Dennis"]
[Black "Wagner, Harald"]
[Result "1-0"]
[WhiteElo "2295"]
[BlackElo "2194"]
[PlyCount "41"]
[EventDate "2018.??.??"]

1. d4 Nf6 2. c4 g6 3. f3 c5 4. d5 Bg7 5. Nc3 O-O 6. e4 d6 7. Nge2 e6 8. Ng3
exd5 9. cxd5 Nbd7 10. Be2 h5 11. O-O h4 12. Nh1 Nh5 13. Nf2 a6 14. f4 Ng3 15.
hxg3 hxg3 16. Nh3 Bd4+ 17. Kh1 Nf6 18. Qd3 Nh5 19. Bxh5 Qh4 20. f5 gxf5 21. Bg5
1-0

[Event "OLSW 1819 Gambit Saarbrücken - SV Worms"]
[Site "?"]
[Date "2018.11.25"]
[Round "3.3"]
[White "Ollenberger, Roland"]
[Black "Gross, Georg"]
[Result "0-1"]
[WhiteElo "2275"]
[BlackElo "2241"]
[PlyCount "98"]
[EventDate "2018.??.??"]

1. e4 Nc6 2. Nc3 e6 3. d4 Bb4 4. Be3 d6 5. Qd2 Nge7 6. a3 Ba5 7. Nge2 O-O 8. f3
e5 9. d5 Nb8 10. Bg5 f6 11. Bh4 Qe8 12. g4 b5 13. Bf2 Bb6 14. Ng3 Bxf2+ 15.
Kxf2 a6 16. a4 b4 17. Nd1 a5 18. c4 Na6 19. b3 Nc5 20. Qc2 Ng6 21. Ne3 Nf4 22.
h4 Bd7 23. Ng2 Rc8 24. Be2 Nxg2 25. Kxg2 Qg6 26. Rab1 Qh6 27. Qc1 Qxc1 28.
Rhxc1 g6 29. Kf2 f5 30. exf5 gxf5 31. g5 Be8 32. Rd1 h6 33. Bd3 e4 34. Bc2 hxg5
35. hxg5 Bg6 36. Ne2 f4 37. Nd4 e3+ 38. Kg2 Bxc2 39. Nxc2 Rf5 40. Rg1 Kf7 41.
Kh3 Kg6 42. Nd4 Rxg5 43. Rxg5+ Kxg5 44. Rg1+ Kf6 45. Rg4 Nd3 46. Kg2 Rf8 47.
Kf1 Rh8 48. Ne2 Rh2 49. Nxf4 e2+ 0-1

[Event "OLSW 1819 Gambit Saarbrücken - SV Worms"]
[Site "?"]
[Date "2018.11.25"]
[Round "3.4"]
[White "Forthoffer, Patrick"]
[Black "Steinkohl, Thomas"]
[Result "0-1"]
[WhiteElo "2203"]
[BlackElo "2214"]
[PlyCount "46"]
[EventDate "2018.??.??"]

1. d4 c6 2. c4 d5 3. Nf3 Nf6 4. cxd5 cxd5 5. Nc3 Bf5 6. Bf4 e6 7. Qb3 Qb6 8.
Qxb6 axb6 9. e3 Bb4 10. Bb5+ Ke7 11. O-O Bxc3 12. bxc3 Rc8 13. Rfc1 Nc6 14. Bg5
Ra3 15. Ne5 h6 16. Bh4 g5 17. Bxc6 bxc6 18. Bg3 Ne4 19. c4 f6 20. Nf3 Nc3 21.
Kf1 Bd3+ 22. Ke1 dxc4 23. Nd2 b5 0-1

[Event "OLSW 1819 Gambit Saarbrücken - SV Worms"]
[Site "?"]
[Date "2018.11.25"]
[Round "3.5"]
[White "Helbig, Daniel"]
[Black "Haenssel, Christian"]
[Result "1-0"]
[WhiteElo "2205"]
[BlackElo "2099"]
[PlyCount "45"]
[EventDate "2018.??.??"]

1. e4 c5 2. Nf3 d6 3. d4 cxd4 4. Nxd4 Nf6 5. Nc3 a6 6. Qf3 e6 7. g4 h6 8. Rg1
Nbd7 9. Be2 Qc7 10. h4 g6 11. g5 hxg5 12. Bxg5 Bg7 13. O-O-O Ne5 14. Qg3 Bd7
15. f4 Nc4 16. f5 Rc8 17. fxg6 Nxb2 18. gxf7+ Kxf7 19. Bd2 Bh6 20. Bxh6 Rhg8
21. Bg7 Be8 22. Qg6+ Ke7 23. Qxf6+ 1-0

[Event "OLSW 1819 Gambit Saarbrücken - SV Worms"]
[Site "?"]
[Date "2018.11.25"]
[Round "3.6"]
[White "Pryvalov, Ivan"]
[Black "Martin, Mike"]
[Result "1-0"]
[WhiteElo "2056"]
[BlackElo "2157"]
[PlyCount "71"]
[EventDate "2018.??.??"]

1. d4 f5 2. Bg5 g6 3. e3 Bg7 4. Nd2 h6 5. Bf4 Nf6 6. Ngf3 O-O 7. h3 d6 8. Bc4+
Kh7 9. c3 Qe8 10. Qc2 Nc6 11. O-O-O e5 12. dxe5 dxe5 13. Bh2 a6 14. e4 f4 15.
Ne1 b5 16. Bb3 a5 17. a4 b4 18. f3 bxc3 19. bxc3 Qe7 20. Nd3 Rb8 21. Bg1 Rd8
22. Nc5 Ne8 23. Bd5 Qf6 24. Bf2 Ne7 25. Ba2 Nd6 26. Nc4 Nc6 27. Rd5 Bf8 28.
Rhd1 Nxc4 29. Bxc4 Bxc5 30. Rxc5 Bb7 31. Rxd8 Rxd8 32. Bd5 Rd6 33. Qb3 Bc8 34.
Qb5 Bd7 35. Qb7 Qg5 36. Qxc7 1-0